Technology of ship repairing / (Record no. 28787)
[ view plain ]
| 000 -LEADER | |
|---|---|
| fixed length control field | 01085nam a22003015i 4500 |
| 003 - CONTROL NUMBER IDENTIFIER | |
| control field | EG-ScBUE |
| 005 - DATE AND TIME OF LATEST TRANSACTION | |
| control field | 20200922132126.0 |
| 008 - FIXED-LENGTH DATA ELEMENTS--GENERAL INFORMATION | |
| fixed length control field | 200219q1967 ru f 000 0 eng d |
| 040 ## - CATALOGING SOURCE | |
| Original cataloging agency | EG-ScBUE |
| Language of cataloging | eng |
| Description conventions | rda |
| Transcribing agency | EG-ScBUE |
| Modifying agency | EG-ScBUE |
| 041 1# - LANGUAGE CODE | |
| Language code of text/sound track or separate title | eng |
| Language code of original and/or intermediate translations of text | rus |
| 082 04 - DEWEY DECIMAL CLASSIFICATION NUMBER | |
| Classification number | 623.8432 |
| Item number | BEN |
| Edition number | 22 |
| 100 1# - MAIN ENTRY--PERSONAL NAME | |
| Personal name | Benkovsky, D. D. |
| Fuller form of name | (Dmitriĭ Dmitrievich) |
| Relator term | author. |
| 240 00 - UNIFORM TITLE | |
| Uniform title | <a href="Tekhnologii͡a sudoremonta.">Tekhnologii͡a sudoremonta.</a> |
| Language of a work | English |
| 245 10 - TITLE STATEMENT | |
| Title | Technology of ship repairing / |
| Statement of responsibility, etc | D. Benkovsky [and three other] ; translated from the Russian by T. Swiatecki. |
| 264 #1 - PUBLICATION, DISTRIBUTION, ETC. (IMPRINT) | |
| Place of publication, distribution, etc | Moscow : |
| Name of publisher, distributor, etc | MIR Publishers, |
| Date of publication, distribution, etc | [1967?] |
| 300 ## - PHYSICAL DESCRIPTION | |
| Extent | 573 pages : |
| Other physical details | illustrations ; |
| Dimensions | 24 cm |
| 336 ## - CONTENT TYPE | |
| Content type term | text |
| Content type code | txt |
| Source | rdacontent |
| 337 ## - MEDIA TYPE | |
| Media type term | unmediated |
| Media type code | n |
| Source | rdamedia |
| 338 ## - CARRIER TYPE | |
| Carrier type term | volume |
| Carrier type code | nc |
| Source | rdacarrier |
| 546 ## - LANGUAGE NOTE | |
| Language note | Text in English ; translated from original Russian. |
| 650 #7 - SUBJECT ADDED ENTRY--TOPICAL TERM | |
| Topical term or geographic name as entry element | Ships |
| General subdivision | Maintenance and repair. |
| Source of heading or term | BUEsh |
| 653 ## - INDEX TERM--UNCONTROLLED | |
| Resource For college | Engineering, General |
| Arrived date list | September2020 |
| 700 1# - ADDED ENTRY--PERSONAL NAME | |
| Personal name | Galver, G., |
| Relator term | author. |
| 700 1# - ADDED ENTRY--PERSONAL NAME | |
| Personal name | Korobtsov, I., |
| Relator term | author. |
| 700 1# - ADDED ENTRY--PERSONAL NAME | |
| Personal name | Oganezov, G., |
| Relator term | author. |
| 700 1# - ADDED ENTRY--PERSONAL NAME | |
| Personal name | Swiatecki, T., |
| Relator term | translator. |
| 942 ## - ADDED ENTRY ELEMENTS (KOHA) | |
| Source of classification or shelving scheme | Dewey Decimal Classification |
| Koha item type | Book - Borrowing |
| Withdrawn status | Lost status | Source of classification or shelving scheme | Damaged status | Not for loan | Collection code | Home library | Current library | Shelving location | Date acquired | Source of acquisition | Total Checkouts | Full call number | Barcode | Date last seen | Price effective from | Koha item type |
|---|---|---|---|---|---|---|---|---|---|---|---|---|---|---|---|---|
| Dewey Decimal Classification | unknown | Central Library | Central Library | First floor | 22/09/2020 | Purchase | 623.8432 BEN | 000049739 | 15/07/2025 | 22/09/2020 | Book - Borrowing |